Statistics for Name that Historical Figure #10

Click here to take the quiz!

General Stats

  • This quiz has been taken 344 times
    (327 since last reset)
  • The average score is 4 of 12

Answer Stats

Answer% Correct
Oscar Wilde
60%
Monica Lewinsky
57%
Alan Turing
53%
Lee Harvey Oswald
53%
Levi Strauss
48%
Niki Lauda
35%
Steve Wozniak
29%
Eva Braun
20%
Srinivasa Ramanujan
13%
Abeba Bikila
5%
Lise Meitner
2%
Mohammed Abdul Karim
2%

Score Distribution

Percentile by Number Answered

Percent of People with Each Score

Your Score History

You have not taken this quiz since the last reset